Catálogo de tipos / Fundición Tipográfica Nacional
Descripción Física:
[128] p. : il. ; 27 cm
MARC
| LEADER | 00000nam a2200000Ia 4500 | ||
|---|---|---|---|
| 001 | 13893 | ||
| 008 | 160829s9999 xx 000 0 cat d | ||
| 080 | |a C-2-226 | ||
| 110 | 2 | |a Fundición Tipográfica Nacional (Espanya) |9 55128 | |
| 245 | |a Catálogo de tipos / Fundición Tipográfica Nacional | ||
| 260 | |a Madrid : |b la Fundición, [196 - ?] | ||
| 300 | |a [128] p. : |b il. ; |c 27 cm | ||
| 610 | 2 | 0 | |a Fundición Tipográfica Nacional (Espanya) |x Catàlegs |9 55129 |
| 650 | |a Tipus d'impremta |x Catàlegs |9 24273 | ||
| 650 | |a Composició tipogràfica |9 38867 | ||
| 901 | |a Arxiu | ||
| 942 | |n 1 | ||
| 952 | |0 0 |1 0 |4 0 |6 C2226 |7 1 |9 45253 |a Arxiu |b Arxiu |d 2016-12-01 |l 0 |o C-2-226 |p 13893 |r 2016-12-01 00:00:00 |w 2016-12-01 |y ARXIU | ||
| 999 | |c 48327 |d 48327 | ||